000
00233nam a2200097Ia 4500
008
230907s9999||||xx |||||||||||||| ||und||
082
_a
344.046
_b
TRI
245
0
_a
Environmental laws /
260
_a
APH Publishing,
_c
2012
942
_c
BK
999
_c
599040
_d
599040